<?xml version="1.0" encoding="UTF-8"?>
<record
    xmlns:xsi="http://www.w3.org/2001/XMLSchema-instance"
    xsi:schemaLocation="http://www.loc.gov/MARC21/slim http://www.loc.gov/standards/marcxml/schema/MARC21slim.xsd"
    xmlns="http://www.loc.gov/MARC21/slim">

  <leader>00627nam a22001337a 4500</leader>
  <datafield tag="040" ind1=" " ind2=" ">
    <subfield code="c">RUA</subfield>
  </datafield>
  <datafield tag="082" ind1=" " ind2=" ">
    <subfield code="a">AGR SEA 2020 B1.598 Or.</subfield>
  </datafield>
  <datafield tag="100" ind1=" " ind2=" ">
    <subfield code="a">SEAN SOVANVUTHY. &#x179F;&#x17C0;&#x1793; &#x179F;&#x17BB;&#x179C;&#x178E;&#x17D2;&#x178E;&#x179C;&#x17BB;&#x1791;&#x17D2;&#x1792;&#x17B8;</subfield>
  </datafield>
  <datafield tag="245" ind1=" " ind2=" ">
    <subfield code="a">EFFECT OF DIFFEREMT RATES OF UREA FERTILIZER ON CELERY CABBAGE. &#x1780;&#x17B6;&#x179A;&#x1794;&#x17D2;&#x179A;&#x17BE;&#x1794;&#x17D2;&#x179A;&#x17B6;&#x179F;&#x17CB;&#x1780;&#x1798;&#x17D2;&#x179A;&#x17B7;&#x178F;&#x1787;&#x17B8;&#x17A2;&#x17CA;&#x17BB;&#x1799;&#x179A;&#x17C9;&#x17C1;&#x1781;&#x17BB;&#x179F;&#x17D7;&#x1782;&#x17D2;&#x1793;&#x17B6;&#x179B;&#x17BE;&#x178A;&#x17C6;&#x178E;&#x17B6;&#x17C6;&#x179F;&#x17D2;&#x1796;&#x17C3;&#x1785;&#x1784;&#x17D2;&#x1780;&#x17B9;&#x17C7;</subfield>
  </datafield>
  <datafield tag="260" ind1=" " ind2=" ">
    <subfield code="a">Phnom Penh</subfield>
    <subfield code="b">RUA</subfield>
    <subfield code="c">2020</subfield>
  </datafield>
  <datafield tag="300" ind1=" " ind2=" ">
    <subfield code="a">X.38P</subfield>
    <subfield code="b">VIII.</subfield>
    <subfield code="c">29CM</subfield>
  </datafield>
  <datafield tag="856" ind1=" " ind2=" ">
    <subfield code="u">https://drive.google.com/file/d/1sGoTQbygAJ1c9ZxUp7dhj_9xYkBZwX4C/view?usp=sharing</subfield>
  </datafield>
  <datafield tag="942" ind1=" " ind2=" ">
    <subfield code="c">AGR</subfield>
  </datafield>
  <datafield tag="999" ind1=" " ind2=" ">
    <subfield code="c">21821</subfield>
    <subfield code="d">21821</subfield>
  </datafield>
  <datafield tag="952" ind1=" " ind2=" ">
    <subfield code="0">0</subfield>
    <subfield code="1">0</subfield>
    <subfield code="2">ddc</subfield>
    <subfield code="4">0</subfield>
    <subfield code="6">AGR_SEA_2020_000000000000000_B1_598_OR</subfield>
    <subfield code="7">0</subfield>
    <subfield code="9">95044</subfield>
    <subfield code="a">LBB</subfield>
    <subfield code="b">LBB</subfield>
    <subfield code="c">B1.598</subfield>
    <subfield code="d">2023-09-05</subfield>
    <subfield code="o">AGR SEA 2020 B1.598 Or.</subfield>
    <subfield code="p">a074271</subfield>
    <subfield code="r">2023-09-05</subfield>
    <subfield code="w">2023-09-05</subfield>
    <subfield code="y">AGR</subfield>
  </datafield>
  <datafield tag="952" ind1=" " ind2=" ">
    <subfield code="0">0</subfield>
    <subfield code="1">0</subfield>
    <subfield code="2">ddc</subfield>
    <subfield code="4">0</subfield>
    <subfield code="6">AGR_SEA_2020_000000000000000_B1_598_OR</subfield>
    <subfield code="7">0</subfield>
    <subfield code="9">95045</subfield>
    <subfield code="a">LBB</subfield>
    <subfield code="b">LBB</subfield>
    <subfield code="c">B1.598</subfield>
    <subfield code="d">2023-09-05</subfield>
    <subfield code="o">AGR SEA 2020 B1.598 Or.</subfield>
    <subfield code="p">a074416</subfield>
    <subfield code="r">2023-09-05</subfield>
    <subfield code="w">2023-09-05</subfield>
    <subfield code="y">AGR</subfield>
  </datafield>
  <datafield tag="952" ind1=" " ind2=" ">
    <subfield code="0">0</subfield>
    <subfield code="1">0</subfield>
    <subfield code="2">ddc</subfield>
    <subfield code="4">0</subfield>
    <subfield code="6">AGR_SEA_2020_000000000000000_B1_598_OR</subfield>
    <subfield code="7">0</subfield>
    <subfield code="9">95046</subfield>
    <subfield code="a">LBB</subfield>
    <subfield code="b">LBB</subfield>
    <subfield code="c">B1.598</subfield>
    <subfield code="d">2023-09-05</subfield>
    <subfield code="l">1</subfield>
    <subfield code="o">AGR SEA 2020 B1.598 Or.</subfield>
    <subfield code="p">a074428</subfield>
    <subfield code="r">2024-12-25</subfield>
    <subfield code="s">2024-12-09</subfield>
    <subfield code="w">2023-09-05</subfield>
    <subfield code="y">AGR</subfield>
  </datafield>
  <datafield tag="952" ind1=" " ind2=" ">
    <subfield code="0">0</subfield>
    <subfield code="1">0</subfield>
    <subfield code="2">ddc</subfield>
    <subfield code="4">0</subfield>
    <subfield code="6">AGR_SEA_2020_000000000000000_B1_598_OR</subfield>
    <subfield code="7">0</subfield>
    <subfield code="9">95047</subfield>
    <subfield code="a">LBB</subfield>
    <subfield code="b">LBB</subfield>
    <subfield code="c">B1.598</subfield>
    <subfield code="d">2023-09-05</subfield>
    <subfield code="o">AGR SEA 2020 B1.598 Or.</subfield>
    <subfield code="p">a074360</subfield>
    <subfield code="r">2023-09-05</subfield>
    <subfield code="w">2023-09-05</subfield>
    <subfield code="y">AGR</subfield>
  </datafield>
  <datafield tag="952" ind1=" " ind2=" ">
    <subfield code="0">0</subfield>
    <subfield code="1">0</subfield>
    <subfield code="2">ddc</subfield>
    <subfield code="4">0</subfield>
    <subfield code="6">AGR_SEA_2020_000000000000000_B1_598_OR</subfield>
    <subfield code="7">0</subfield>
    <subfield code="9">95048</subfield>
    <subfield code="a">LBB</subfield>
    <subfield code="b">LBB</subfield>
    <subfield code="c">B1.598</subfield>
    <subfield code="d">2023-09-05</subfield>
    <subfield code="l">4</subfield>
    <subfield code="o">AGR SEA 2020 B1.598 Or.</subfield>
    <subfield code="p">a074472</subfield>
    <subfield code="r">2025-03-26</subfield>
    <subfield code="s">2025-02-25</subfield>
    <subfield code="w">2023-09-05</subfield>
    <subfield code="y">AGR</subfield>
  </datafield>
  <datafield tag="952" ind1=" " ind2=" ">
    <subfield code="0">0</subfield>
    <subfield code="1">0</subfield>
    <subfield code="2">ddc</subfield>
    <subfield code="4">0</subfield>
    <subfield code="6">AGR_SEA_2020_000000000000000_B1_598_OR</subfield>
    <subfield code="7">0</subfield>
    <subfield code="9">95049</subfield>
    <subfield code="a">LBB</subfield>
    <subfield code="b">LBB</subfield>
    <subfield code="c">B1.598</subfield>
    <subfield code="d">2023-09-05</subfield>
    <subfield code="o">AGR SEA 2020 B1.598 Or.</subfield>
    <subfield code="p">a074468</subfield>
    <subfield code="r">2023-09-05</subfield>
    <subfield code="w">2023-09-05</subfield>
    <subfield code="y">AGR</subfield>
  </datafield>
</record>
